000 00529nam a2200193Ia 4500
005 20260429112034.0
008 260429s9999||||xx |||||||||||||| ||und||
020 _a9781804892213
041 _aEnglish
082 _a515.9
_bDON
100 _aDonovan, Rhea
245 0 _aComplex analysis /
_cRhea Donovan
260 _aUnited Kingdom :
_bBrilliant Publication Ltd. ,
_c2025.
300 _ax, 284 p.; hb
650 _a Functions of complex variables
650 _a Mathematics
650 _aComplex analysis
942 _cTB
999 _c52023
_d52023